书目信息 |
| 题名: |
柔软的宇宙
|
|
| 作者: | 吴京平 著 | |
| 分册: | ||
| 出版信息: | 北京 北京时代华文书局 2017 |
|
| 页数: | 259页 | |
| 开本: | 24cm | |
| 丛书名: | ||
| 单 册: | ||
| 中图分类: | O4-09 | |
| 科图分类: | ||
| 主题词: | 物理学史--wu li xue shi | |
| 电子资源: | ||
| ISBN: | 978-7-5699-1527-3 | |
| 000 | 01123nam0 2200289 45 | |
| 001 | 012001002199 | |
| 005 | 20131110082506.0 | |
| 010 | @a978-7-5699-1527-3@dCNY49.80 | |
| 099 | @aCAL 012017092407 | |
| 100 | @a20170519d2017 em y0chiy50 ea | |
| 101 | 0 | @achi |
| 102 | @aCN@b110000 | |
| 105 | @aa z 000yy | |
| 106 | @ar | |
| 200 | 1 | @a柔软的宇宙@Arou ruan de yu zhou@d= Soft universe@e相对论外传@f吴京平著@zeng |
| 210 | @a北京@c北京时代华文书局@d2017 | |
| 215 | @a259页@c图@d24cm | |
| 314 | @a吴京平,北京人,喜马拉雅FM、蜻蜓、网易云音乐等电台《科学史评话》主播。 | |
| 330 | @a本书主要讲述了一段跨越两百年的物理学史。从拿破仑时代一直讲到了二十一世纪。主要内容是讲述爱因斯坦相对论的前世今生,以及广义相对论指导下发展起来的一系列学科,比如大爆炸宇宙学、黑洞、虫洞、引力波等等匪夷所思的物理学知识。 | |
| 333 | @a物理学史爱好者、青年读者及相关读者。 | |
| 510 | 1 | @aSoft universe@zeng |
| 517 | 1 | @a相对论外传@Axiang dui lun wai zhuan |
| 606 | 0 | @a物理学史@Awu li xue shi |
| 690 | @aO4-09@v5 | |
| 701 | 0 | @a吴京平@Awu jing ping@4著 |
| 801 | 0 | @aCN@b北京卓展@c20191020 |
| 905 | @b1199810-3@dO4-09@e1041@f4 | |
| 柔软的宇宙= Soft universe:相对论外传/吴京平著.-北京:北京时代华文书局,2017 |
| 259页:图;24cm |
| 使用对象:物理学史爱好者、青年读者及相关读者。 |
| ISBN 978-7-5699-1527-3:CNY49.80 |
| 本书主要讲述了一段跨越两百年的物理学史。从拿破仑时代一直讲到了二十一世纪。主要内容是讲述爱因斯坦相对论的前世今生,以及广义相对论指导下发展起来的一系列学科,比如大爆炸宇宙学、黑洞、虫洞、引力波等等匪夷所思的物理学知识。 |
| ● |
| 相关链接 |
|
|
|
|
正题名:柔软的宇宙
索取号:O4-09/1041
 
预约/预借
| 序号 | 登录号 | 条形码 | 馆藏地/架位号 | 状态 | 备注 |
| 1 | 1199810 | 211998105 | 第二样本阅览室/ [索取号:O4-09/1041] | 在馆 | |
| 2 | 1199811 | 211998114 | 第三借阅区/ [索取号:O4-09/1041] | 在馆 | |
| 3 | 1199812 | 211998123 | 第三借阅区/ [索取号:O4-09/1041] | 在馆 | |
| 4 | 1199813 | 211998132 | 第三借阅区/ [索取号:O4-09/1041] | 在馆 |